KOHA-Header-6

Statistics (Record no. 8209)

000 -LEADER
fixed length control field 00240nam a2200109Ia 4500
100 ## - MAIN ENTRY--AUTHOR NAME
Personal name Spiegel,murry R.
245 #0 - TITLE STATEMENT
Title Statistics
260 ## - PUBLICATION, DISTRIBUTION, ETC. (IMPRINT)
Place of publication UK
Name of publisher Mcgraw
Year of publication 2000
300 ## - PHYSICAL DESCRIPTION
Number of Pages 975
942 ## - ADDED ENTRY ELEMENTS (KOHA)
Koha item type Books
Holdings
Withdrawn status Lost status Permanent Location Current Location Date acquired Full call number Accession Number Koha item type
    MAJU MAJU 2019-09-13 151.23 2764 Books

Powered by Koha